[Event "World Rapid 2023"]
[Site "Samarkand UZB"]
[Date "2023.12.28"]
[EventDate "2023.12.26"]
[Round "11.73"]
[Result "1-0"]
[White "Arystanbek Urazayev"]
[Black "Jakub Seemann"]
[WhiteElo "2472"]
[BlackElo "2441"]
[PlyCount "134"]

1. e4 c5 2. Nf3 d6 3. d4 cxd4 4. Nxd4 Nf6 5. Nc3 Nc6 6. Bg5 e6 7. Qd3 a6 8. Nxc6
bxc6 9. O-O-O Be7 10. Be2 e5 11. Bxf6 gxf6 12. Qg3 Be6 13. f4 exf4 14. Qxf4 Qa5
15. Rxd6 Bxd6 16. Qxd6 Rc8 17. Rd1 Qe5 18. Qa3 a5 19. Na4 Rd8 20. Rxd8+ Kxd8 21.
Nc5 Qf4+ 22. Kd1 Qd6+ 23. Ke1 Ke7 24. Qxa5 Kf8 25. g3 Kg7 26. Qc3 h5 27. a4 Bg4
28. Nd3 Bxe2 29. Kxe2 Re8 30. Qc4 h4 31. Kf3 hxg3 32. hxg3 Qd7 33. Qc5 Qe6 34.
Nf2 Qd7 35. Qc3 Re5 36. b3 Rg5 37. Kg2 Qc7 38. Qf3 Qe5 39. Ng4 Qb2 40. Ne3 Kf8
41. Qf4 Qc3 42. Qf3 Qd2+ 43. Kh3 Rg6 44. Nf5 Rg5 45. c3 Rg8 46. a5 Rh8+ 47. Nh4
Kg7 48. b4 Qc1 49. a6 Qg5 50. a7 Ra8 51. Nf5+ Kh7 52. Qf2 Rg8 53. Kg2 Qg4 54.
Qe3 Qh5 55. c4 Rd8 56. b5 cxb5 57. cxb5 Kg8 58. b6 Qd1 59. b7 Rd2+ 60. Qxd2
Qxd2+ 61. Kh3 Qd1 62. a8=Q+ Kh7 63. Qa2 Qh1+ 64. Qh2 Qxe4 65. b8=Q Kg6 66. Qg8+
Kxf5 67. Qh7+ 1-0

[Event "World Rapid 2023"]
[Site "Samarkand UZB"]
[Date "2023.12.28"]
[EventDate "2023.12.26"]
[Round "11.74"]
[Result "1-0"]
[White "Abdimalik Abdisalimov"]
[Black "Mikhail Bryakin"]
[WhiteElo "2496"]
[BlackElo "2486"]
[PlyCount "88"]

1. d4 d5 2. c4 e6 3. Nc3 Nf6 4. cxd5 Nxd5 5. e4 Nxc3 6. bxc3 c5 7. Rb1 cxd4 8.
cxd4 Nc6 9. Bb5 a6 10. Bxc6+ bxc6 11. Nf3 Be7 12. O-O O-O 13. Be3 f6 14. Qc2 Qd6
15. Nd2 Bd7 16. Rb7 Rfb8 17. Nc4 Rxb7 18. Nxd6 Bxd6 19. Rb1 Rb5 20. g3 Rab8 21.
Rxb5 cxb5 22. Bf4 Rc8 23. Qd2 Be7 24. Qa5 Rc4 25. Be3 Bc6 26. Qxa6 Kf7 27. f3
Rc2 28. g4 h6 29. Qa7 g5 30. Bf2 Rc1+ 31. Kg2 Rc2 32. Kg3 Ke8 33. Kg2 Kf7 34.
Kf1 Rc1+ 35. Ke2 Rc2+ 36. Ke1 Ke8 37. Bg3 b4 38. Qb8+ Kd7 39. Qc7+ Ke8 40. Bd6
Bd8 41. Qg7 Rxa2 42. Bxb4 Rxh2 43. Qf8+ Kd7 44. Qd6+ 1-0

[Event "World Rapid 2023"]
[Site "Samarkand UZB"]
[Date "2023.12.28"]
[EventDate "2023.12.26"]
[Round "11.75"]
[Result "1/2-1/2"]
[White "Denis Khismatullin"]
[Black "Aldiyar Ansat"]
[WhiteElo "2579"]
[BlackElo "2434"]
[PlyCount "128"]

1. Nf3 Nf6 2. c4 c5 3. d4 cxd4 4. Nxd4 d5 5. cxd5 Nxd5 6. e4 Nb4 7. Be3 a6 8.
Qa4+ N8c6 9. a3 Bd7 10. Nxc6 Nxc6 11. Nc3 e5 12. Qd1 Be6 13. g3 Nd4 14. Bxd4
exd4 15. Ne2 Bc5 16. Nf4 O-O 17. Rc1 Ba7 18. Bd3 Bd7 19. O-O Rc8 20. Rxc8 Qxc8
21. Re1 Re8 22. Qb3 b5 23. e5 Bb8 24. Qd5 Bc6 25. Qxd4 Bf3 26. Bxh7+ Kxh7 27.
Qd3+ Kg8 28. Qxf3 Bxe5 29. Nd5 Qd7 30. Rd1 Qe6 31. Kg2 Rd8 32. b3 a5 33. a4 bxa4
34. bxa4 Rd7 35. h4 g6 36. Qe4 Rd6 37. Nc7 Qd7 38. Rxd6 Qxd6 39. Nd5 Kg7 40. Ne3
Bf6 41. h5 Qb4 42. Qxb4 axb4 43. hxg6 b3 44. Nc4 Kxg6 45. Kf3 Bc3 46. Ke4 b2 47.
Na3 Be1 48. Ke3 Kf5 49. Ke2 Bb4 50. Nb1 Ke4 51. f3+ Kd4 52. g4 Ba5 53. g5 Bd8
54. Kd2 Bxg5+ 55. Kc2 Ke3 56. Kxb2 Kxf3 57. Kc2 Bd8 58. Kd3 f5 59. Nd2+ Kg2 60.
Ke2 f4 61. Nf3 Ba5 62. Nh4+ Kg3 63. Nf5+ Kg2 64. Nh4+ 1/2-1/2

[Event "World Rapid 2023"]
[Site "Samarkand UZB"]
[Date "2023.12.28"]
[EventDate "2023.12.26"]
[Round "11.76"]
[Result "0-1"]
[White "Johan-Sebastian Christiansen"]
[Black "Benjamin Haldorsen"]
[WhiteElo "2618"]
[BlackElo "2445"]
[PlyCount "78"]

1. e4 c5 2. Nf3 Nc6 3. Bb5 e6 4. Bxc6 bxc6 5. b3 Ne7 6. O-O Ng6 7. e5 f6 8. Bb2
d6 9. exd6 e5 10. Na3 Bxd6 11. Nc4 O-O 12. d3 Bg4 13. h3 Be6 14. Nfd2 Nf4 15.
Ne4 Be7 16. Bc1 f5 17. Ned2 Bf6 18. Bb2 Bd5 19. f3 Qe8 20. Kh2 Qg6 21. Rg1 Rae8
22. Qe1 e4 23. Bxf6 Rxf6 24. fxe4 fxe4 25. dxe4 Bxe4 26. Qh4 Ne2 27. Ne3 Rf4 28.
Qe1 Nxg1 29. Qxg1 Bxc2 30. Re1 Qd6 31. Nec4 Rxc4+ 32. Kh1 Rxe1 33. Qxe1 Rd4 34.
Qe8+ Qf8 35. Qe6+ Kh8 36. Qe3 Rf4 37. Nf3 Be4 38. Ng5 Bd5 39. Qd3 Rf1+ 0-1

[Event "World Rapid 2023"]
[Site "Samarkand UZB"]
[Date "2023.12.28"]
[EventDate "2023.12.26"]
[Round "11.77"]
[Result "1-0"]
[White "Mikhail Markov"]
[Black "Sumiya Bilguun"]
[WhiteElo "2283"]
[BlackElo "2466"]
[PlyCount "100"]

1. c4 c5 2. Nc3 g6 3. g3 Bg7 4. Bg2 Nc6 5. Nf3 e5 6. h4 h6 7. e3 Nge7 8. d4 cxd4
9. exd4 exd4 10. Nb5 d5 11. Bf4 O-O 12. Nc7 dxc4 13. Nxa8 Nd5 14. h5 Re8+ 15.
Kf1 Nxf4 16. gxf4 Bf5 17. hxg6 fxg6 18. Nh4 Bd3+ 19. Kg1 Qd6 20. Rh3 Rxa8 21.
Rxd3 cxd3 22. Qb3+ Kh7 23. Qxb7 Rf8 24. Qxc6 Qxc6 25. Bxc6 d2 26. Rd1 Rxf4 27.
Ng2 Rf6 28. Be4 Re6 29. f3 Be5 30. Rxd2 Kg7 31. Rc2 Rb6 32. b3 Ra6 33. Rc6 Rxc6
34. Bxc6 d3 35. f4 Bd4+ 36. Kf1 Kf6 37. Be4 d2 38. Ke2 g5 39. fxg5+ Kxg5 40.
Kxd2 h5 41. Kd3 Bf2 42. Ne3 Kf4 43. Nc4 h4 44. b4 h3 45. a4 Kg3 46. b5 Bc5 47.
a5 h2 48. a6 Kf2 49. b6 axb6 50. a7 1-0

[Event "World Rapid 2023"]
[Site "Samarkand UZB"]
[Date "2023.12.28"]
[EventDate "2023.12.26"]
[Round "11.78"]
[Result "0-1"]
[White "Jens Hirneise"]
[Black "Akmal Fayzullaev"]
[WhiteElo "2270"]
[BlackElo "2367"]
[PlyCount "80"]

1. e4 c6 2. c4 d5 3. cxd5 cxd5 4. exd5 Nf6 5. Nc3 Nxd5 6. Nf3 Nc6 7. Bb5 e6 8.
d4 Be7 9. O-O O-O 10. Bd3 Nf6 11. a3 b6 12. Bg5 Bb7 13. Bc2 g6 14. Re1 Rc8 15.
Qd2 Na5 16. Bh6 Re8 17. Ne5 Nc4 18. Nxc4 Rxc4 19. Rad1 Qa8 20. Bb3 Rcc8 21. f3
Red8 22. Kh1 Nd5 23. Ne4 Rc7 24. Bg5 Kg7 25. Bh6+ Kg8 26. Bg5 Rdc8 27. Bxe7 Nxe7
28. Qh6 Bxe4 29. fxe4 Qc6 30. h4 Qb5 31. Qe3 Qh5 32. Qh3 Rd8 33. Rd3 Rcd7 34.
Red1 Qe2 35. Ba4 Rd6 36. e5 Rxd4 37. Bb5 Rxd3 38. Rxd3 Qe1+ 39. Kh2 Qxe5+ 40.
Kh1 Rc8 0-1

[Event "World Rapid 2023"]
[Site "Samarkand UZB"]
[Date "2023.12.28"]
[EventDate "2023.12.26"]
[Round "11.80"]
[Result "0-1"]
[White "Faustino Oro"]
[Black "Ramazan Zhalmakhanov"]
[WhiteElo "2357"]
[BlackElo "2493"]
[PlyCount "74"]

1. Nf3 d5 2. e3 Nf6 3. c4 e6 4. b3 b6 5. Bb2 Bb7 6. Be2 Bd6 7. O-O O-O 8. Nc3 a6
9. Qc2 Nbd7 10. Rac1 dxc4 11. bxc4 c5 12. Rfd1 Qc7 13. h3 h6 14. Qb3 Rac8 15. d3
Rfd8 16. Nd2 Be7 17. d4 cxd4 18. exd4 Bd6 19. Rc2 Bh2+ 20. Kh1 Bf4 21. Na4 Bxd2
22. Rdxd2 Ne4 23. Qe3 Nxd2 24. Rxd2 Qc6 25. Bf3 Qxa4 26. Bxb7 Rc7 27. Bf3 Qxc4
28. d5 e5 29. d6 Rc5 30. Be4 Nf6 31. Bc2 Qxa2 32. Bf5 Qc4 33. Bc2 Qf4 34. Qe2 e4
35. Ba3 Ra5 36. Bb4 Ra1+ 37. Bd1 e3 0-1

[Event "World Rapid 2023"]
[Site "Samarkand UZB"]
[Date "2023.12.28"]
[EventDate "2023.12.26"]
[Round "11.81"]
[Result "1-0"]
[White "Artem Pingin"]
[Black "Sergey Sklokin"]
[WhiteElo "2419"]
[BlackElo "1780"]
[PlyCount "122"]

1. e4 c6 2. d4 d5 3. exd5 cxd5 4. Bd3 Nc6 5. c3 Nf6 6. h3 g6 7. Nf3 Bg7 8. Bf4
O-O 9. O-O Re8 10. Re1 Bf5 11. Bf1 Ne4 12. Nbd2 Nxd2 13. Qxd2 Qd7 14. Rad1 Rad8
15. g4 Be4 16. Ng5 f6 17. Nxe4 dxe4 18. Rxe4 Qd5 19. Bg2 Qxa2 20. Qe2 e5 21.
dxe5 fxe5 22. Re1 Qf7 23. Be3 a6 24. Ra4 Re6 25. Qc2 Kh8 26. Raa1 Red6 27. Rad1
Qd7 28. Rxd6 Qxd6 29. Bf3 Qc7 30. Be4 Ne7 31. Rd1 Rxd1+ 32. Qxd1 b5 33. Qb3 Qd6
34. Qf7 Ng8 35. g5 Qe7 36. Qd5 Qc7 37. Qe6 a5 38. Bb6 Qe7 39. Qxe7 Nxe7 40. Bxa5
Nc8 41. Bb4 Nb6 42. b3 Nc8 43. Bc5 Kg8 44. Bd5+ Kh8 45. Be6 e4 46. Bxc8 Bxc3 47.
b4 Kg7 48. Bd7 h6 49. gxh6+ Kxh6 50. Bxb5 Kh5 51. Bc6 g5 52. Bxe4 Kh4 53. Kg2
Be5 54. Bf5 Bf4 55. b5 Bc7 56. b6 Bb8 57. Be7 Be5 58. Bd8 Bd4 59. b7 Be5 60. Kf3
Bb8 61. Ke4 1-0

[Event "World Rapid 2023"]
[Site "Samarkand UZB"]
[Date "2023.12.28"]
[EventDate "2023.12.26"]
[Round "11.82"]
[Result "1-0"]
[White "Roman Shogdzhiev"]
[Black "Zhandos Agmanov"]
[WhiteElo "1901"]
[BlackElo "2460"]
[PlyCount "132"]

1. e4 e6 2. d4 d5 3. exd5 exd5 4. Nf3 Nc6 5. Bd3 Nb4 6. Bb5+ c6 7. Ba4 Bd6 8.
O-O Ne7 9. c3 Na6 10. Bc2 O-O 11. Re1 Bf5 12. Bg5 f6 13. Bh4 Qd7 14. Bg3 Bxg3
15. hxg3 Rae8 16. Nbd2 Nc7 17. Nf1 Nb5 18. Bd3 Nd6 19. Qc2 Bxd3 20. Qxd3 Nc4 21.
b3 Nd6 22. N1d2 Qg4 23. c4 Ndf5 24. Nf1 Qg6 25. Re6 Nxd4 26. Qxd4 Nf5 27. Rxe8
Nxd4 28. Rxf8+ Kxf8 29. Nxd4 Qd3 30. Ne6+ Kf7 31. Nd8+ Kg6 32. cxd5 cxd5 33. Ne6
Kh6 34. Nf4 Qc3 35. Rd1 d4 36. Rd2 g5 37. Ne2 Qa5 38. Nxd4 Kg6 39. Re2 Qd5 40.
Rd2 Qa5 41. g4 h5 42. gxh5+ Kxh5 43. Nf5 Kg6 44. g4 Qb5 45. N1e3 Kh7 46. Rc2 Qe5
47. Rd2 Qb5 48. Kg2 a5 49. Rd6 Qe5 50. Rd5 Qe4+ 51. f3 Qb1 52. Rd7+ Kh8 53. Rd8+
Kh7 54. Rd2 b5 55. Nd5 Qa1 56. Nd4 Kg6 57. Nxb5 Qe1 58. Rf2 f5 59. Nbc3 fxg4 60.
fxg4 Kg7 61. Re2 Qh4 62. Ne3 Kf6 63. Ne4+ Ke5 64. Ng3 Qh8 65. Nc4+ Kd4 66. Rd2+ 1-0

[Event "World Rapid 2023"]
[Site "Samarkand UZB"]
[Date "2023.12.28"]
[EventDate "2023.12.26"]
[Round "11.83"]
[Result "0-1"]
[White "Daler Vakhidov"]
[Black "Grzegorz Nasuta"]
[WhiteElo "2175"]
[BlackElo "2579"]
[PlyCount "50"]

1. Nf3 d5 2. g3 Bg4 3. Ne5 Bf5 4. d4 Nd7 5. Bg2 e6 6. c4 c6 7. O-O Ngf6 8. Nc3
Be7 9. Qb3 Qb6 10. Nxd7 Nxd7 11. e4 dxe4 12. Nxe4 O-O 13. Bf4 Bxe4 14. Bxe4 Qxd4
15. Rad1 Qxe4 16. Rxd7 Bc5 17. Qxb7 e5 18. b4 Rab8 19. Qc7 Rxb4 20. Bxe5 Rb1 21.
Rdd1 Bxf2+ 22. Kxf2 Qc2+ 23. Kg1 Rxd1 24. Qxc6 Rxf1+ 25. Kxf1 Rd8 0-1

[Event "World Rapid 2023"]
[Site "Samarkand UZB"]
[Date "2023.12.28"]
[EventDate "2023.12.26"]
[Round "11.84"]
[Result "1-0"]
[White "Sinisa Drazic"]
[Black "Timur Yonal"]
[WhiteElo "2264"]
[BlackElo "2003"]
[PlyCount "104"]

1. d4 d5 2. Bg5 f6 3. Bd2 e6 4. e3 c5 5. dxc5 Bxc5 6. c4 Ne7 7. Nc3 O-O 8. cxd5
Nxd5 9. Nf3 Nc6 10. Bc4 Nxc3 11. Bxc3 Qe7 12. a3 a6 13. Qc2 Kh8 14. Bd3 e5 15.
O-O f5 16. e4 f4 17. b4 Bd6 18. Nd2 f3 19. g3 Qe6 20. Rfd1 Qh3 21. Bf1 Qh6 22.
Qd3 Bg4 23. Nc4 Bc7 24. Ne3 Be6 25. Nd5 Bd8 26. a4 Qh5 27. b5 Ne7 28. Bb4 Qf7
29. bxa6 bxa6 30. a5 Rg8 31. Nb6 Ra7 32. Bc5 Nc6 33. Ra3 Be7 34. Bxe7 Qxe7 35.
Qd6 Qxd6 36. Rxd6 Nd4 37. Rc3 Ne2+ 38. Bxe2 fxe2 39. Re3 Bg4 40. h3 Bf3 41. Rd2
Rc7 42. Rdxe2 Bxe2 43. Rxe2 Rc5 44. Ra2 g6 45. Kg2 Rd8 46. g4 Rd4 47. f3 Rb4 48.
g5 Rbb5 49. Rd2 Rxa5 50. Nd7 Rc7 51. Nf6 Kg7 52. Ne8+ 1-0

[Event "World Rapid 2023"]
[Site "Samarkand UZB"]
[Date "2023.12.28"]
[EventDate "2023.12.26"]
[Round "11.85"]
[Result "0-1"]
[White "Khumoyun Begmuratov"]
[Black "Amilal Munkhdalai"]
[WhiteElo "2371"]
[BlackElo "2388"]
[PlyCount "72"]

1. e4 c5 2. Nf3 Nc6 3. d4 cxd4 4. Nxd4 Qc7 5. Nc3 e6 6. a3 a6 7. g3 b5 8. Bg2
Bb7 9. O-O Nf6 10. h3 Be7 11. Nb3 O-O 12. Qe2 d6 13. f4 Rfd8 14. Be3 Rac8 15.
Qf2 Nd7 16. Rad1 Na5 17. Nxa5 Qxa5 18. e5 Bxg2 19. Kxg2 Qc7 20. exd6 Bxd6 21. f5
Qc6+ 22. Kh2 Nf6 23. fxe6 fxe6 24. Bf4 Bxa3 25. bxa3 Qxc3 26. Rxd8+ Rxd8 27. Re1
Qc4 28. Kg1 Nd5 29. Be5 Rf8 30. Qa7 Nf6 31. Qxa6 Qc5+ 32. Kh1 Qd5+ 33. Kg1 Ne4
34. Bf4 e5 35. Be3 Nxg3 36. Qb6 Qh1# 0-1

[Event "World Rapid 2023"]
[Site "Samarkand UZB"]
[Date "2023.12.28"]
[EventDate "2023.12.26"]
[Round "11.86"]
[Result "0-1"]
[White "Harold Wanyama"]
[Black "Saidakbar Saydaliev"]
[WhiteElo "2238"]
[BlackElo "2426"]
[PlyCount "78"]

1. d4 Nf6 2. c4 e6 3. g3 d5 4. Bg2 Bb4+ 5. Nd2 O-O 6. Qc2 b6 7. a3 Bd6 8. e4 Be7
9. Ne2 c6 10. O-O Nbd7 11. e5 Ne8 12. cxd5 cxd5 13. f4 Ba6 14. Rf2 Rc8 15. Qa4
Bd3 16. Nc3 f5 17. Qb3 Ba6 18. Nf1 Nb8 19. Ne3 Nc7 20. Qd1 Nc6 21. g4 Nxd4 22.
Ncxd5 Nxd5 23. Nxd5 exd5 24. Be3 Ne6 25. gxf5 d4 26. Bd2 Rxf5 27. Bh3 Qf8 28.
Qa4 Bc4 29. Qxa7 Rh5 30. Bg2 Bh4 31. Rff1 Bxf1 32. Rxf1 Qf5 33. Qxb6 Rh6 34. Bd5
Kh8 35. Qb7 Rf8 36. Bb4 Nxf4 37. Bf3 Qh3 38. Bxf8 Qxh2+ 39. Kxh2 Bf2+ 0-1

[Event "World Rapid 2023"]
[Site "Samarkand UZB"]
[Date "2023.12.28"]
[EventDate "2023.12.26"]
[Round "11.87"]
[Result "0-1"]
[White "O'Gorman, Tom"]
[Black "Mergen Kakabayev"]
[WhiteElo "2322"]
[BlackElo "2266"]
[PlyCount "82"]

1. d4 d5 2. c4 c6 3. cxd5 cxd5 4. Nc3 Nf6 5. Bf4 Nc6 6. e3 Bg4 7. f3 Bd7 8. Bd3
e6 9. Bg3 Nb4 10. Bb1 Qb6 11. Nge2 Bd6 12. Bxd6 Qxd6 13. O-O Rc8 14. a3 Nc6 15.
e4 dxe4 16. fxe4 Ng4 17. e5 Ncxe5 18. dxe5 Qxe5 19. Ng3 Qe3+ 20. Kh1 Nf2+ 21.
Rxf2 Qxf2 22. Nce4 Qxb2 23. Nd6+ Ke7 24. Nxc8+ Rxc8 25. Be4 b6 26. Qe1 a5 27.
Rd1 Ba4 28. Rb1 Qxa3 29. h3 g6 30. Kh2 Qd6 31. Qe3 Rc5 32. Qh6 Rh5 33. Qe3 Rc5
34. Qh6 Rh5 35. Qe3 Bb5 36. Bf3 Rc5 37. Qh6 a4 38. Qh4+ g5 39. Qxh7 Bd3 40. Be4
Bxb1 41. Bxb1 Rc3 0-1

[Event "World Rapid 2023"]
[Site "Samarkand UZB"]
[Date "2023.12.28"]
[EventDate "2023.12.26"]
[Round "11.88"]
[Result "0-1"]
[White "Lev Zverev"]
[Black "Rinat Jumabayev"]
[WhiteElo "2343"]
[BlackElo "2598"]
[PlyCount "120"]

1. e4 c6 2. d4 d5 3. e5 c5 4. dxc5 e6 5. Nf3 Bxc5 6. Bd3 Ne7 7. a3 Ng6 8. O-O
Nc6 9. b4 Bb6 10. Bb2 O-O 11. Re1 a6 12. Nbd2 Nf4 13. Bf1 f6 14. exf6 e5 15.
Rxe5 Qxf6 16. Rxd5 Qxb2 17. Nc4 Qxa1 18. Qxa1 Nxd5 19. Nxb6 Nxb6 20. Ng5 Rf5 21.
Qa2+ Nd5 22. h4 h6 23. Bd3 Re5 24. Nf3 Be6 25. Bc4 Rd8 26. Nxe5 Nxe5 27. Bb3 Kh8
28. Qa1 Ng4 29. Qd4 Rd7 30. c4 Ndf6 31. Qf4 Rd3 32. Bc2 Rxa3 33. Qc1 Rc3 34. Qd2
Rxc4 35. f3 Ne5 36. Qe2 Bg8 37. Qxe5 Rxc2 38. Qe7 Bd5 39. Qd8+ Kh7 40. Qd6 h5
41. Qe7 Rc4 42. Qe1 Kg8 43. Kh2 Kf7 44. Kg3 Be6 45. Qd2 g6 46. Qd6 Nd5 47. Qb8
Rxb4 48. Qh8 Ne7 49. Qh7+ Ke8 50. Qh8+ Kd7 51. Qf6 a5 52. Qc3 b6 53. Kf2 Rxh4
54. Qd3+ Bd5 55. Qa6 Rb4 56. Qa7+ Ke6 57. Ke3 h4 58. Kd3 a4 59. Qb8 a3 60. f4 a2 0-1

[Event "World Rapid 2023"]
[Site "Samarkand UZB"]
[Date "2023.12.28"]
[EventDate "2023.12.26"]
[Round "11.89"]
[Result "1-0"]
[White "Almas Rakhmatullaev"]
[Black "Tigran K Harutyunyan"]
[WhiteElo "2383"]
[BlackElo "2519"]
[PlyCount "80"]

1. e4 c5 2. Nf3 e6 3. g3 Nc6 4. Bg2 Nf6 5. Qe2 e5 6. O-O Be7 7. c3 O-O 8. Rd1
Re8 9. Na3 Bf8 10. d3 h6 11. Nc4 d5 12. exd5 Nxd5 13. h3 Bf5 14. Ne3 Nxe3 15.
Bxe3 Qd7 16. g4 Bh7 17. g5 Rad8 18. gxh6 Bxd3 19. Qd2 e4 20. hxg7 Bxg7 21. Ne1
Re6 22. Nxd3 exd3 23. Kh2 Ne5 24. b3 Rg6 25. f4 Nc6 26. Be4 f5 27. Qxd3 Qe7 28.
Bd5+ Kh8 29. Qxf5 Rf6 30. Qh5+ Rh6 31. Qf3 Re8 32. Re1 Qf8 33. Bxc5 Ne7 34. Re6
Rxe6 35. Bxe6 b6 36. Qh5+ Bh6 37. Bd4+ Kh7 38. f5 Ra8 39. Rg1 Qb8+ 40. Rg3 1-0

[Event "World Rapid 2023"]
[Site "Samarkand UZB"]
[Date "2023.12.28"]
[EventDate "2023.12.26"]
[Round "11.90"]
[Result "1/2-1/2"]
[White "Gallego Alcaraz, Andres Felipe"]
[Black "Kanan Garayev"]
[WhiteElo "2486"]
[BlackElo "2356"]
[PlyCount "184"]

1. d4 d5 2. c4 e6 3. Nf3 c5 4. cxd5 exd5 5. g3 Nc6 6. Bg2 Nf6 7. O-O cxd4 8.
Nxd4 Bc5 9. Nb3 Bb6 10. Bg5 d4 11. N1d2 h6 12. Bxf6 Qxf6 13. Rc1 O-O 14. Ne4 Qe7
15. Nec5 Bg4 16. Re1 Rad8 17. Nxb7 Qxb7 18. Bxc6 Qa6 19. Qc2 Be6 20. a4 Rc8 21.
Nc5 Bxc5 22. Qxc5 Bd7 23. Bb5 Rxc5 24. Bxa6 Ra5 25. Bc4 Rxa4 26. b3 Rb4 27. Red1
Rc8 28. Rxd4 Be6 29. Ra1 Bxc4 30. Rxc4 Rcxc4 31. bxc4 Rxc4 32. Rxa7 h5 33. h4 g6
34. Kg2 Rc2 35. Re7 Ra2 36. Kf3 Ra3+ 37. Kf4 Ra4+ 38. Re4 Ra5 39. f3 Ra1 40. Rd4
Rb1 41. Rd3 Kg7 42. e4 Rf1 43. Ke5 Ra1 44. Rc3 Ra5+ 45. Kf4 Ra1 46. Rc7 Rf1 47.
e5 Re1 48. Re7 Kf8 49. Rd7 Kg7 50. Rd4 Re2 51. Rd3 Re1 52. Re3 Ra1 53. Kg5 Ra5
54. Kf4 f6 55. Re4 fxe5+ 56. Rxe5 Ra3 57. Re6 Ra4+ 58. Re4 Ra5 59. Rb4 Rc5 60.
Rb7+ Kh6 61. Rf7 Rc4+ 62. Ke3 Ra4 63. Rd7 Ra3+ 64. Ke4 Ra4+ 65. Ke5 Ra3 66. Ke4
Ra4+ 67. Rd4 Ra3 68. Kf4 Kg7 69. Re4 Kf6 70. Rb4 Ra5 71. Rb6+ Kg7 72. Re6 Ra4+
73. Re4 Ra5 74. Re5 Ra4+ 75. Kg5 Ra7 76. f4 Ra3 77. Re7+ Kf8 78. Kf6 Rxg3 79.
Rb7 Ke8 80. Re7+ Kf8 81. Rf7+ Ke8 82. Rg7 Rg4 83. Rg8+ Kd7 84. Ke5 Ke7 85. f5
gxf5 86. Rh8 Rxh4 87. Kxf5 Rh1 88. Kg5 Rg1+ 89. Kh4 Rh1+ 90. Kg5 h4 91. Rxh4
Rxh4 92. Kxh4 1/2-1/2

[Event "World Rapid 2023"]
[Site "Samarkand UZB"]
[Date "2023.12.28"]
[EventDate "2023.12.26"]
[Round "11.91"]
[Result "1-0"]
[White "Rojas Salas, Steven"]
[Black "Gabriel Gaehwiler"]
[WhiteElo "2172"]
[BlackElo "2381"]
[PlyCount "82"]

1. d4 Nf6 2. c4 g6 3. g3 Bg7 4. Bg2 O-O 5. Nc3 d6 6. Nf3 c6 7. O-O Bf5 8. Nh4
Be6 9. b3 d5 10. Nf3 h6 11. Ne5 Nbd7 12. f4 dxc4 13. e4 cxb3 14. axb3 Qb6 15.
Nc4 Bxc4 16. bxc4 Nd5 17. cxd5 Qxd4+ 18. Kh1 Qxc3 19. Ra3 Qc4 20. dxc6 Qxc6 21.
e5 Qc7 22. e6 fxe6 23. Qg4 Rf6 24. Bb2 e5 25. Rc1 Qb6 26. Bd5+ Kh7 27. Rb3 Qd6
28. Rd1 h5 29. Qe2 exf4 30. Bxb7 Qc7 31. Bxf6 Nxf6 32. Bxa8 fxg3 33. Rxg3 h4 34.
Re3 Bf8 35. Bf3 a5 36. Re6 a4 37. Qd3 Qf4 38. Rf1 h3 39. Be4 Qg4 40. Rexf6 exf6
41. Rg1 1-0

[Event "World Rapid 2023"]
[Site "Samarkand UZB"]
[Date "2023.12.28"]
[EventDate "2023.12.26"]
[Round "11.68"]
[Result "0-1"]
[White "Felix Xie"]
[Black "Mohamed Tissir"]
[WhiteElo "2244"]
[BlackElo "2349"]
[PlyCount "88"]

1. Nf3 Nf6 2. b3 g6 3. Bb2 Bg7 4. g3 O-O 5. Bg2 d6 6. d4 a5 7. O-O a4 8. Na3 d5
9. c4 c6 10. Rc1 axb3 11. axb3 Qb6 12. Ne5 Be6 13. c5 Qc7 14. b4 Nbd7 15. Nd3
Bf5 16. b5 h5 17. Ra1 h4 18. Qd2 hxg3 19. hxg3 Ne4 20. Qf4 e5 21. Nxe5 Nxe5 22.
dxe5 Nxc5 23. g4 Be6 24. Qg3 g5 25. Rac1 Nd7 26. Qe3 Ra4 27. bxc6 bxc6 28. Bf3
Nxe5 29. Qxg5 Ng6 30. Bxg7 Kxg7 31. Nb5 Qb8 32. Rxc6 Qxb5 33. Rfc1 Rf4 34. Rc7
Qb4 35. Kf1 Bxg4 36. Bxg4 Rxg4 37. Qxd5 Rd4 38. Qf5 Qd6 39. R1c6 Rd1+ 40. Kg2
Nh4+ 41. Kh3 Rh1+ 42. Kg4 Rg1+ 43. Kh3 Nxf5 44. Rxd6 Rh8+ 0-1

[Event "World Rapid 2023"]
[Site "Samarkand UZB"]
[Date "2023.12.28"]
[EventDate "2023.12.26"]
[Round "11.93"]
[Result "0-1"]
[White "Sumiya Chinguun"]
[Black "Eldiar Orozbaev"]
[WhiteElo "2319"]
[BlackElo "2305"]
[PlyCount "104"]

1. e4 e6 2. d4 d5 3. Nc3 Nf6 4. e5 Nfd7 5. f4 c5 6. Nf3 Nc6 7. Ne2 f6 8. c3 cxd4
9. cxd4 Bb4+ 10. Bd2 Bxd2+ 11. Qxd2 O-O 12. Nc3 fxe5 13. fxe5 Rxf3 14. gxf3 Qh4+
15. Qf2 Nxd4 16. Qxh4 Nxf3+ 17. Kf2 Nxh4 18. Re1 Ng6 19. h4 Ngxe5 20. Nb5 Nf6
21. Rg1 Ne4+ 22. Ke3 Bd7 23. Nd4 Rf8 24. Be2 Nc6 25. Bg4 e5 26. Ne6 Nf6 27. Bh3
Bxe6 28. Bxe6+ Kh8 29. Rgf1 Nd4 30. Bxd5 Nxd5+ 31. Ke4 Nf6+ 32. Kxe5 Nc2 33. Rc1
h5 34. Ke6 Nd4+ 35. Ke7 Re8+ 36. Kf7 Nc6 37. Kg6 Ne5+ 38. Kf5 Nd3 39. Rcd1 Re5+
40. Kg6 Rd5 41. Kf7 Rd7+ 42. Ke6 Nf4+ 43. Kf5 N4d5 44. Kg6 Kg8 45. Rfe1 Rd8 46.
Rc1 Nf4+ 47. Kf5 Nd3 48. Kg6 Nxe1 49. Rc7 Ne8 50. Rxb7 Nf3 51. Kxh5 Rd4 52. Rb8
Kh7 0-1

[Event "World Rapid 2023"]
[Site "Samarkand UZB"]
[Date "2023.12.28"]
[EventDate "2023.12.26"]
[Round "11.94"]
[Result "1-0"]
[White "David Akhmedov"]
[Black "Asrorjon Omonov"]
[WhiteElo "2244"]
[BlackElo "2224"]
[PlyCount "100"]

1. e4 c6 2. Nf3 d5 3. d3 Bg4 4. Be2 e6 5. O-O Nf6 6. Nbd2 Be7 7. b3 O-O 8. Bb2
c5 9. Ne5 Bxe2 10. Qxe2 Nfd7 11. Nxd7 Nxd7 12. f4 Rc8 13. c4 dxe4 14. dxe4 Nb8
15. Rad1 Nc6 16. Nf3 Qa5 17. Ba1 Rcd8 18. f5 Nd4 19. Bxd4 cxd4 20. fxe6 fxe6 21.
e5 Rf5 22. Kh1 Qc7 23. Qe4 Bc5 24. g4 Rxf3 25. Rxf3 a5 26. g5 Qe7 27. g6 hxg6
28. Qxg6 Rf8 29. Rxf8+ Kxf8 30. a3 Qd7 31. Qe4 Qc6 32. Qxc6 bxc6 33. Kg2 Ke7 34.
Kf3 Bxa3 35. Rxd4 Bb2 36. Rd6 c5 37. Ke4 Bc3 38. Rc6 Bb4 39. Rc7+ Kf8 40. Kf4
Bd2+ 41. Kg4 Be3 42. Ra7 Bd2 43. Kh5 Bc3 44. Kg6 Bxe5 45. Rxa5 Bd4 46. Ra6 Ke7
47. h4 Bc3 48. h5 Bd4 49. Ra7+ Kf8 50. Rf7+ 1-0

[Event "World Rapid 2023"]
[Site "Samarkand UZB"]
[Date "2023.12.28"]
[EventDate "2023.12.26"]
[Round "11.95"]
[Result "1-0"]
[White "Bakhrom Bakhrillaev"]
[Black "Jaloliddin Ilkhomi"]
[WhiteElo "2332"]
[BlackElo "2222"]
[PlyCount "56"]

1. d4 Nf6 2. c4 e6 3. Nc3 Bb4 4. e3 O-O 5. Bd3 d5 6. Nf3 Nbd7 7. O-O b6 8. cxd5
exd5 9. Ne5 Bb7 10. f4 c5 11. g4 Bxc3 12. bxc3 Ne4 13. g5 f6 14. Bxe4 fxe5 15.
Bg2 e4 16. Qg4 g6 17. Qe6+ Rf7 18. Ba3 Nf8 19. Qg4 Bc8 20. Qg3 c4 21. h4 Ne6 22.
f5 gxf5 23. Qe5 Nf8 24. Bxf8 Rxf8 25. Bh3 Rf7 26. Rf4 Re7 27. Qf6 Re6 28. Qxd8+ 1-0

[Event "World Rapid 2023"]
[Site "Samarkand UZB"]
[Date "2023.12.28"]
[EventDate "2023.12.26"]
[Round "11.96"]
[Result "1-0"]
[White "Khalil Nafri"]
[Black "Jamshid Mustafaev"]
[WhiteElo "2248"]
[BlackElo "2313"]
[PlyCount "50"]

1. e4 c5 2. Nf3 d6 3. d4 cxd4 4. Nxd4 Nf6 5. Nc3 a6 6. Bc4 e6 7. Bb3 Nc6 8. Be3
Bd7 9. Qe2 Qc7 10. O-O-O h5 11. Bg5 O-O-O 12. f4 Na5 13. e5 dxe5 14. fxe5 Qc5
15. h4 Nd5 16. Ne4 Nxb3+ 17. Nxb3 Qb6 18. Bxd8 Kxd8 19. c4 Qc7 20. Kb1 Nb6 21.
Ng5 Ke7 22. Rhf1 f6 23. exf6+ gxf6 24. c5 Na4 25. Rxf6 Nb6 1-0

[Event "World Rapid 2023"]
[Site "Samarkand UZB"]
[Date "2023.12.28"]
[EventDate "2023.12.26"]
[Round "11.97"]
[Result "0-1"]
[White "David Bogdan"]
[Black "Nikolay Tregubenko"]
[WhiteElo "1671"]
[BlackElo "2017"]
[PlyCount "80"]

1. e4 c5 2. Nf3 d6 3. d4 cxd4 4. Qxd4 Nc6 5. Bb5 Bd7 6. Bxc6 Bxc6 7. c4 e5 8.
Qd3 h6 9. Nc3 Nf6 10. O-O Be7 11. h3 O-O 12. Be3 a6 13. Rac1 b5 14. Rfd1 bxc4
15. Qxc4 Qc8 16. Nd5 Nxd5 17. Qxc6 Nxe3 18. fxe3 Qe6 19. Qd5 Rfc8 20. b3 Rxc1
21. Rxc1 Rc8 22. Rc4 Rxc4 23. Qxc4 Qg6 24. Kf2 Kh7 25. Qxa6 Qxe4 26. Qc4 Qg6 27.
e4 Bd8 28. Kf1 Bb6 29. a4 Qg3 30. Qe2 f5 31. exf5 e4 32. Nd2 Qf4+ 33. Ke1 e3 34.
Nc4 Bc5 35. Qf3 Qd4 36. g4 Qa1+ 37. Qd1 Qc3+ 38. Kf1 Bd4 39. Kg2 d5 40. Na3 Qd2+ 0-1